Core statutes on property law

Bibliographic Details
Main Author: Luther, Peter
Other Authors: Moran, Alan
Format: Book
Language:English
Published: New York : Palgrave Macmillan , 2007
Subjects:

MARC

LEADER 00000cam a2200000 7i4500
001 0000020739
005 20090107.0
008 081023s -us i eng
020 |a 9780230535923 
040 |a INS 
090 0 0 |a KD823.99   |b L88 2007 
100 1 |a Luther, Peter 
245 1 0 |a Core statutes on property law   |c Peter Luther and Alan Moran 
260 |a New York :   |b Palgrave Macmillan ,   |c 2007 
300 |a v, 294p. ;   |c 24cm. 
500 |a Includes index 
650 0 0 |a Land tenure   |x Law and legislation   |z England 
650 0 0 |a Land tenure   |x Law and legislation   |z Wales 
650 0 0 |a Real property   |z England 
650 0 0 |a Real property   |z Wales 
700 1 |a Moran, Alan 
999 |a 0000020206   |b BOOK   |c Open Shelf   |e Default branch